Fast Typing - Countries - Statistics

General Stats
  • This quiz has been taken 111 times
    104 since last reset
  • The average score is 27 of 36
Answer Stats
Word Same Word % Correct
Canada Canada
100%
Chile Chile
100%
Indonesia Indonesia
100%
New Zealand New Zealand
100%
Pakistan Pakistan
100%
Benin Benin
96%
Greece Greece
96%
Ireland Ireland
96%
Kyrgyzstan Kyrgyzstan
96%
Azerbaijan Azerbaijan
93%
Sweden Sweden
93%
Myanmar Myanmar
89%
South Korea South Korea
89%
Germany Germany
87%
Mauritania Mauritania
87%
Singapore Singapore
87%
Afghanistan Afghanistan
78%
Bahamas Bahamas
78%
Philippines Philippines
78%
Argentina Argentina
76%
Lebanon Lebanon
74%
Cambodia Cambodia
72%
Malaysia Malaysia
72%
North Korea North Korea
72%
Taiwan Taiwan
72%
Somalia Somalia
70%
Ivory Coast Ivory Coast
65%
Australia Australia
61%
South Africa South Africa
59%
Eswatini Eswatini
50%
Israel Israel
43%
Venezuela Venezuela
43%
South Sudan South Sudan
37%
Sao Tome and Principe Sao Tome and Principe
35%
Colombia Colombia
30%
Seychelles Seychelles
24%
No matching quizzes found
Score Distribution
Percent of People with Each Score
Percentile by Number Answered
Your Score History
You have not taken this quiz since the last reset